| 000 | 00572nmm a2200169Ia 4500 | ||
|---|---|---|---|
| 008 | 251105s9999||||xx |||||||||||||||||und|| | ||
| 020 | _a9788477371922 | ||
| 041 | _aspa | ||
| 100 | _aSánchez Herrero, José | ||
| 245 | 0 |
_aHistoria de la Iglesia en España e Hispanoamérica : _b Desde sus inicios hasta el siglo XXI |
|
| 264 |
_a[Madrid, España] : _bSílex Ediciones, _c2008 |
||
| 300 | _a480 páginas | ||
| 490 | _aBiblioteca Histórica | ||
| 650 | _aHistory of the Americas: Latin America | ||
| 856 | _uhttps://public.digitaliapublishing.com/a/1230 | ||
| 942 | _cCF | ||
| 999 |
_c85351 _d85351 |
||